The autobiography of Fukuzawa Yukichi
Yukichi Fukuzawa (1835-1901) was a leading figure in the cultural revolution that transformed Japan from an isolated feudal nation into a full-fledged player in the modern world. He translated a wide range of Western works and adapted them to Japanese needs, inventing a colorful prose style close to...
Đã lưu trong:
| 格式: | 图书 |
|---|---|
| 语言: | Undetermined |
| 出版: |
Tokyo, Japan
The Hokuseido Press
1960
|
| 主题: | |
| 标签: |
添加标签
没有标签, 成为第一个标记此记录!
|
| Thư viện lưu trữ: | Trung tâm Học liệu Trường Đại học Cần Thơ |
|---|
| LEADER | 01205nam a2200217Ia 4500 | ||
|---|---|---|---|
| 001 | CTU_112212 | ||
| 008 | 210402s9999 xx 000 0 und d | ||
| 082 | |a 370.92 | ||
| 082 | |b A939/1960 | ||
| 245 | 4 | |a The autobiography of Fukuzawa Yukichi | |
| 245 | 0 | |c Translated by Eiichi Kiyooka, with an introduction by Shinzo Koizumi | |
| 260 | |a Tokyo, Japan | ||
| 260 | |b The Hokuseido Press | ||
| 260 | |c 1960 | ||
| 520 | |a Yukichi Fukuzawa (1835-1901) was a leading figure in the cultural revolution that transformed Japan from an isolated feudal nation into a full-fledged player in the modern world. He translated a wide range of Western works and adapted them to Japanese needs, inventing a colorful prose style close to the vernacular. He also authored many books, which were critical in introducing the powerful but alien culture of the West to the Japanese. Only by adopting the strengths and virtues of the West, he argued, could Japan maintain its independence despite the "disease" of foreign relations. | ||
| 650 | |a Fukuzawa, Yukichi,Educators | ||
| 650 | |x Biography | ||
| 650 | |y 1835-1901 | ||
| 650 | |z Japan | ||
| 904 | |i Minh | ||
| 980 | |a Trung tâm Học liệu Trường Đại học Cần Thơ | ||